[Event "FIDE World Rapid 2014"]
[Site "Dubai UAE"]
[Date "2014.06.18"]
[Round "15.20"]
[White "Malakhov, Vladimir"]
[Black "Antipov, Mikhail Al."]
[Result "0-1"]
[WhiteTitle "GM"]
[BlackTitle "GM"]
[WhiteElo "2694"]
[BlackElo "2502"]
[WhiteFideId "4120787"]
[BlackFideId "4107012"]
[EventDate "2014.06.16"]

1. c4 e5 2. Nc3 Bb4 3. Nd5 Bc5 4. Nf3 d6 5. d4 exd4 6. Nxd4 c6 7. Nc3 Nf6 8. e3
O-O 9. Be2 Re8 10. O-O Nbd7 11. b3 Ne5 12. Bb2 Qe7 13. Qc2 Bd7 14. h3 Ng6 15.
Rad1 Rad8 16. Na4 Bxd4 17. Bxd4 Nh4 18. Nc3 Qe6 19. f4 Nf5 20. Rd3 Ne4 21. Nxe4
Qxe4 22. Bf3 Nxd4 23. exd4 Qg6 24. Rc3 Bf5 25. Qf2 Bxh3 26. Bxc6 bxc6 27. Rxh3
Re4 28. Re1 Rde8 29. Rhe3 h6 30. a4 d5 31. c5 f5 32. b4 Rb8 33. Rxe4 fxe4 34.
Qd2 Qg3 35. f5 Qb3 36. b5 Qxa4 37. bxc6 Qxc6 38. Qf4 Rb2 39. Qe5 Kh7 40. Re3 Qd7
41. Rc3 Qf7 42. c6 Rb1+ 43. Kh2 Qh5+ 44. Rh3 Qd1 45. Ra3 Qh1+ 46. Kg3 Rb2 47.
Kg4 Rxg2+ 48. Rg3 h5+ 49. Kg5 Qc1+ 50. Kxh5 Rh2+ 51. Kg4 Qd1+ 52. Kg5 Rh5+ 53.
Kf4 Rh4+ 0-1

[Event "FIDE World Rapid 2014"]
[Site "Dubai UAE"]
[Date "2014.06.18"]
[Round "15.21"]
[White "Harikrishna, Pentala"]
[Black "Zhigalko, Sergei"]
[Result "0-1"]
[WhiteTitle "GM"]
[BlackTitle "GM"]
[WhiteElo "2726"]
[BlackElo "2678"]
[WhiteFideId "5007003"]
[BlackFideId "13502956"]
[EventDate "2014.06.16"]

1. e4 c5 2. Nf3 Nc6 3. Nc3 Nf6 4. Bb5 Qc7 5. O-O Nd4 6. Re1 a6 7. Bf1 Ng4 8. g3
Nxf3+ 9. Qxf3 Ne5 10. Qe2 e6 11. Bg2 d6 12. d3 Be7 13. Be3 O-O 14. a4 Nc6 15.
Qd2 Bf6 16. h4 Bd7 17. Rab1 Nd4 18. Ra1 h6 19. a5 Nc6 20. Na4 Rad8 21. Reb1 Nd4
22. Nb6 Bc6 23. Qd1 Be8 24. Ra3 Nc6 25. Qd2 Bd4 26. Bf4 f5 27. c3 Be5 28. Be3
Nxa5 29. Rxa5 Qxb6 30. b4 fxe4 31. d4 Bf6 32. dxc5 dxc5 33. Qc2 Qc7 34. Rxc5 Bc6
35. Bxe4 Bxe4 36. Qxe4 Qd7 37. b5 Qd3 38. Qxe6+ Kh8 39. Qb3 Rfe8 40. Bd4 Bxd4
41. cxd4 Re1+ 42. Rxe1 Qxb3 43. Re7 Qd1+ 44. Kg2 Qxd4 45. Rcc7 axb5 46. Rxb7 Rf8 0-1

[Event "FIDE World Rapid 2014"]
[Site "Dubai UAE"]
[Date "2014.06.18"]
[Round "15.23"]
[White "Ragger, Markus"]
[Black "Milov, Vadim"]
[Result "1/2-1/2"]
[WhiteTitle "GM"]
[BlackTitle "GM"]
[WhiteElo "2632"]
[BlackElo "2622"]
[WhiteFideId "1610856"]
[BlackFideId "1304364"]
[EventDate "2014.06.16"]

1. d4 Nf6 2. c4 g6 3. Nc3 Bg7 4. e4 d6 5. Nf3 O-O 6. Be2 Na6 7. O-O e5 8. Be3 c6
9. Qc2 Ng4 10. Bg5 f6 11. Bd2 exd4 12. Nxd4 f5 13. Bxg4 fxg4 14. Be3 Qe7 15.
Rad1 Nc5 16. Rfe1 Be5 17. Qd2 Qh4 18. g3 Qe7 19. b3 Be6 20. Rf1 Rf7 21. Bg5 Qe8
22. Bh6 Nd7 23. f4 gxf3 24. Nxf3 Rxf3 25. Rxf3 Bg4 26. Rdf1 Bxf3 27. Rxf3 Qe6
28. Ne2 Qg4 29. Qe3 Re8 30. Kg2 Nf6 31. Nf4 Qd7 32. h3 c5 33. Nd5 Nxd5 34. exd5
Bg7 35. Qd2 Bxh6 36. Qxh6 Re2+ 37. Kf1 Qe7 38. Rf8+ Qxf8+ 39. Qxf8+ Kxf8 40.
Kxe2 Kf7 41. Kf3 Kf6 42. Kf4 g5+ 43. Ke4 h6 1/2-1/2

[Event "FIDE World Rapid 2014"]
[Site "Dubai UAE"]
[Date "2014.06.18"]
[Round "15.24"]
[White "Kasimdzhanov, Rustam"]
[Black "Matlakov, Maxim"]
[Result "0-1"]
[WhiteTitle "GM"]
[BlackTitle "GM"]
[WhiteElo "2700"]
[BlackElo "2689"]
[WhiteFideId "14200244"]
[BlackFideId "4168003"]
[EventDate "2014.06.16"]

1. d4 Nf6 2. c4 e6 3. Nf3 d5 4. g3 Bb4+ 5. Bd2 Be7 6. Bg2 c6 7. O-O O-O 8. Qc2
Nbd7 9. Rd1 b6 10. Bf4 Bb7 11. Nc3 dxc4 12. Nd2 Nd5 13. Nxc4 Nxf4 14. gxf4 Qc7
15. e3 Rad8 16. a4 Bb4 17. Rac1 Bxc3 18. Qxc3 c5 19. d5 exd5 20. Bxd5 Nf6 21.
Bxb7 Qxb7 22. Ne5 Nd7 23. Nc4 Nf6 24. Ne5 Nd7 25. Nc4 Qf3 26. Nd2 Qg4+ 27. Kh1
Nf6 28. Rg1 Qe6 29. Rg2 g6 30. Nc4 Ne4 31. Qc2 Nd6 32. Ne5 Nf5 33. Rcg1 Rfe8 34.
h3 Rd6 35. Kh2 Red8 36. Nf3 Qf6 37. Qe4 Nh4 38. Nxh4 Qxh4 39. b4 Rd2 40. bxc5
bxc5 41. f3 Qf6 42. Kg3 R2d5 43. Rc2 Rh5 44. Kg2 Kg7 45. Rh1 Rd7 46. Qc4 Kh6 47.
Qc3 Qf5 48. Kg3 Rd3 49. Qh8 g5 50. Qf8+ Kg6 51. Qg8+ Kh6 52. Qf8+ Kg6 53. Qg8+
Kf6 54. Qh8+ Ke7 55. Rb2 gxf4+ 56. exf4 Rg5+ 57. Kf2 Rxf3+ 58. Kxf3 Qd5+ 59. Kf2
Rg2+ 0-1

[Event "FIDE World Rapid 2014"]
[Site "Dubai UAE"]
[Date "2014.06.18"]
[Round "15.25"]
[White "Inarkiev, Ernesto"]
[Black "Riazantsev, Alexander"]
[Result "0-1"]
[WhiteTitle "GM"]
[BlackTitle "GM"]
[WhiteElo "2682"]
[BlackElo "2692"]
[WhiteFideId "4162722"]
[BlackFideId "4125029"]
[EventDate "2014.06.16"]

1. e4 c6 2. d4 d5 3. e5 Bf5 4. h4 h6 5. g4 Bd7 6. h5 c5 7. c3 Nc6 8. Na3 e6 9.
Nc2 Qb6 10. f4 cxd4 11. cxd4 Nb4 12. Nf3 Nxc2+ 13. Qxc2 Rc8 14. Qd3 a6 15. Kf2
Ne7 16. Kg3 Nc6 17. Bd2 Be7 18. Bc3 Na7 19. Qd2 Bb5 20. Bh3 Qd8 21. g5 Bd7 22.
Bg4 Rc6 23. Rac1 Qc8 24. Qd3 Nb5 25. Bd2 Nc7 26. Rxc6 bxc6 27. g6 O-O 28. Rc1 f5
29. exf6 gxf6 30. Qe3 f5 31. Ne5 Ne8 32. Nf7 Nf6 33. Nxh6+ Kh8 34. Bxf5 Bd6 35.
Rh1 exf5 36. Kf3 Ng4 37. Nxg4 fxg4+ 38. Kg2 Bf5 39. Rf1 Be4+ 40. Kg1 Qf5 41. Rf2
Kg7 42. Rh2 Rh8 43. Qb3 Rxh5 44. Qb7+ Kxg6 45. Qxc6 Qe6 46. Rxh5 Kxh5 47. Qxa6
Bf5 48. Qa8 g3 49. Qh8+ Kg4 50. Qg7+ Kf3 51. Qh8 Ke2 52. Bc1 Kd1 53. Kg2 Be4+
54. Kg1 Bf3 0-1

[Event "FIDE World Rapid 2014"]
[Site "Dubai UAE"]
[Date "2014.06.18"]
[Round "15.27"]
[White "Ganguly, Surya Shekhar"]
[Black "Wojtaszek, Radoslaw"]
[Result "1/2-1/2"]
[WhiteTitle "GM"]
[BlackTitle "GM"]
[WhiteElo "2619"]
[BlackElo "2715"]
[WhiteFideId "5002150"]
[BlackFideId "1118358"]
[EventDate "2014.06.16"]

1. e4 c5 2. Nf3 d6 3. Bb5+ Nd7 4. O-O a6 5. Bd3 Ngf6 6. Re1 b5 7. c3 Bb7 8. Bc2
Qc7 9. a4 b4 10. d3 g6 11. Nbd2 bxc3 12. bxc3 Bg7 13. a5 O-O 14. h3 Bc6 15. d4
cxd4 16. cxd4 Rab8 17. Ra2 Rfc8 18. d5 Bb5 19. Nd4 Nc5 20. Nxb5 Rxb5 21. Nc4
Nfd7 22. Bd2 Rcb8 23. Qe2 Ne5 24. Nb6 Ned7 25. Nc4 Ne5 26. Nb6 Ned7 1/2-1/2

[Event "FIDE World Rapid 2014"]
[Site "Dubai UAE"]
[Date "2014.06.18"]
[Round "15.28"]
[White "Amin, Bassem"]
[Black "Potkin, Vladimir"]
[Result "0-1"]
[WhiteTitle "GM"]
[BlackTitle "GM"]
[WhiteElo "2635"]
[BlackElo "2621"]
[WhiteFideId "10601457"]
[BlackFideId "4131061"]
[EventDate "2014.06.16"]

1. e4 e6 2. d3 d5 3. Nd2 c5 4. g3 Nc6 5. Bg2 Nf6 6. Ngf3 Be7 7. O-O O-O 8. Re1
b5 9. e5 Nd7 10. Nf1 a5 11. h4 b4 12. N1h2 a4 13. Bf4 a3 14. b3 Ba6 15. Rc1 Na7
16. Ng5 Qe8 17. Qg4 Nb5 18. Ngf3 Kh8 19. Bg5 Bb7 20. Qf4 Ra6 21. Ng4 f6 22. exf6
gxf6 23. Bh6 e5 24. Qd2 Rg8 25. Ngxe5 fxe5 26. Nxe5 Nd4 27. Nf3 Nxf3+ 28. Bxf3
Qf7 29. Bg2 Bf6 30. Qf4 Qg6 31. Qc7 Qxh6 32. Qxb7 Rd6 33. Bxd5 Rf8 34. f4 Bxh4
35. gxh4 Qxf4 36. Bg2 Qf2+ 37. Kh2 Qxh4+ 38. Bh3 Rf2+ 39. Kg1 Rg6+ 40. Bg2
Rgxg2+ 41. Qxg2 Rxg2+ 42. Kxg2 Qg5+ 43. Kf3 Qf5+ 44. Ke2 Ne5 45. Rf1 Qg4+ 46.
Ke3 Qd4+ 47. Ke2 Ng4 48. Rf8+ Kg7 49. Rcf1 Qe5+ 50. Kd2 Qg5+ 51. Ke2 Qe5+ 52.
Kd2 h5 53. R8f3 Kg6 54. Re1 Qg5+ 55. Kd1 h4 56. Re6+ Kh5 57. Re8 Qd5 58. Re4 Kg5
59. Rff4 Qxe4 0-1

[Event "FIDE World Rapid 2014"]
[Site "Dubai UAE"]
[Date "2014.06.18"]
[Round "15.29"]
[White "Laznicka, Viktor"]
[Black "Adly, Ahmed"]
[Result "0-1"]
[WhiteTitle "GM"]
[BlackTitle "GM"]
[WhiteElo "2679"]
[BlackElo "2594"]
[WhiteFideId "316385"]
[BlackFideId "10601619"]
[EventDate "2014.06.16"]

1. d4 Nf6 2. c4 e6 3. Nc3 Bb4 4. e3 O-O 5. Bd3 c5 6. Nf3 b6 7. O-O Bb7 8. Na4
cxd4 9. exd4 Be7 10. a3 d6 11. b4 Nbd7 12. Bf4 a5 13. Qb3 axb4 14. axb4 Bxf3 15.
gxf3 Nh5 16. Be3 f5 17. Nc3 Rxa1 18. Rxa1 Bg5 19. Nd1 Bxe3 20. fxe3 Qg5+ 21. Kf1
Qf6 22. Qb2 e5 23. Ra7 e4 24. Bb1 exf3 25. Rxd7 Qe6 26. Rc7 f4 27. Qc2 Qh3+ 28.
Ke1 Ng3 29. Qxh7+ Qxh7 30. Bxh7+ Kxh7 31. hxg3 fxg3 32. Kf1 Kg6 33. Ra7 Rh8 34.
Kg1 Rh2 35. e4 Re2 36. Nf2 0-1

[Event "FIDE World Rapid 2014"]
[Site "Dubai UAE"]
[Date "2014.06.18"]
[Round "15.30"]
[White "Lenic, Luka"]
[Black "Dubov, Daniil"]
[Result "0-1"]
[WhiteTitle "GM"]
[BlackTitle "GM"]
[WhiteElo "2659"]
[BlackElo "2614"]
[WhiteFideId "14603853"]
[BlackFideId "24126055"]
[EventDate "2014.06.16"]

1. Nf3 Nf6 2. g3 g6 3. Bg2 Bg7 4. O-O O-O 5. c4 c6 6. d4 d5 7. cxd5 cxd5 8. Ne5
Nfd7 9. Nf3 Nc6 10. Nc3 Nb6 11. Bf4 h6 12. Ne5 g5 13. Nxc6 bxc6 14. Bc1 Bf5 15.
Na4 Qd6 16. Nc5 e5 17. e3 Qg6 18. b3 exd4 19. exd4 Rfe8 20. Be3 Nc8 21. Na6 Re7
22. Rc1 Nb6 23. Re1 Rae8 24. Qd2 Be4 25. f3 Bd3 26. Nb4 Rxe3 27. Rxe3 Bxd4 28.
Re1 Rxe3 29. Rxe3 Bxe3+ 30. Qxe3 Bb5 31. h4 gxh4 32. gxh4 Qd6 33. Nd3 Bxd3 34.
Qxd3 Qe5 35. Qd2 Kg7 36. f4 Qa1+ 37. Kh2 Nd7 38. Bf3 Qf6 39. Kg3 Nc5 40. h5 Ne6
41. Bg4 0-1

[Event "FIDE World Rapid 2014"]
[Site "Dubai UAE"]
[Date "2014.06.18"]
[Round "15.31"]
[White "Lu, Shanglei"]
[Black "Maletin, Pavel"]
[Result "1-0"]
[WhiteTitle "GM"]
[BlackTitle "GM"]
[WhiteElo "2546"]
[BlackElo "2588"]
[WhiteFideId "8603332"]
[BlackFideId "4146786"]
[EventDate "2014.06.16"]

1. e4 e5 2. Nc3 Nf6 3. g3 Nc6 4. Bg2 Bc5 5. Nge2 a6 6. h3 d6 7. d3 Be6 8. Nd5 h6
9. O-O Nd4 10. Nxd4 Bxd4 11. Be3 Bxd5 12. Bxd4 Bxe4 13. dxe4 exd4 14. Qxd4 O-O
15. Rad1 Qe7 16. Rfe1 Rad8 17. Qb4 c5 18. Qb6 Rd7 19. h4 Rfd8 20. b3 Qe5 21. Bh3
Nxe4 22. Bxd7 Rxd7 23. Qa5 Qf5 24. Re2 d5 25. Qe1 Re7 26. Rd3 d4 27. f3 Nxg3 28.
Rxe7 Qh3 29. f4 Qh1+ 30. Kf2 Qh2+ 31. Kf3 Nf5 32. Re8+ Kh7 33. Qf2 Qh1+ 34. Ke2
Qc1 35. Rd2 d3+ 36. Kxd3 Nd6 37. Re1 Qa3 38. Ke2 Ne4 39. Qe3 Qb4 40. Rd3 1-0

[Event "FIDE World Rapid 2014"]
[Site "Dubai UAE"]
[Date "2014.06.18"]
[Round "15.32"]
[White "Anton Guijarro, David"]
[Black "Najer, Evgeniy"]
[Result "0-1"]
[WhiteTitle "GM"]
[BlackTitle "GM"]
[WhiteElo "2631"]
[BlackElo "2653"]
[WhiteFideId "2285525"]
[BlackFideId "4118987"]
[EventDate "2014.06.16"]

1. e4 c5 2. Nf3 d6 3. d4 cxd4 4. Nxd4 Nf6 5. Nc3 a6 6. Qd3 g6 7. Be2 Bg7 8. h4
Bg4 9. f3 Bd7 10. g4 Nc6 11. Nxc6 Bxc6 12. h5 Nd7 13. Be3 Qa5 14. Bd4 Bxd4 15.
Qxd4 Rg8 16. hxg6 hxg6 17. O-O-O Qe5 18. Qe3 g5 19. Kb1 e6 20. Rd4 O-O-O 21.
Rhd1 Nf6 22. Qd2 Kc7 23. a4 Qf4 24. Qe1 Qe5 25. b4 b5 26. Qf2 Kb7 27. a5 Ka8 28.
Kb2 d5 29. R1d3 dxe4 30. fxe4 Rc8 0-1

[Event "FIDE World Rapid 2014"]
[Site "Dubai UAE"]
[Date "2014.06.18"]
[Round "15.33"]
[White "Polgar, Judit"]
[Black "Kovalev, Vladislav"]
[Result "1/2-1/2"]
[WhiteTitle "GM"]
[BlackTitle "GM"]
[WhiteElo "2685"]
[BlackElo "2554"]
[WhiteFideId "700070"]
[BlackFideId "13504398"]
[EventDate "2014.06.16"]

1. e4 e5 2. Nf3 Nc6 3. Bb5 a6 4. Ba4 Nf6 5. O-O Be7 6. Qe2 b5 7. Bb3 O-O 8. c3
d6 9. d4 Bg4 10. d5 Na5 11. Bc2 Qc8 12. h3 Bd7 13. Nbd2 c6 14. dxc6 Qxc6 15. Rd1
Rfe8 16. Nf1 h6 17. Ne3 Bf8 18. Qd3 Qc7 19. Nh2 Nc4 20. Nhg4 Nxg4 21. Nxg4 d5
22. Ne3 d4 23. Nd5 Qc6 24. cxd4 Rac8 25. b3 Na3 26. Bxa3 Bxa3 27. Ne3 exd4 28.
Qxd4 Bxh3 29. b4 Be6 30. Rd3 Rcd8 31. Qxd8 Rxd8 32. Rxd8+ Kh7 33. Rb1 a5 34.
bxa5 Bc5 35. e5+ g6 36. Rc1 Qc7 37. Rd3 Qa7 38. Bb3 Bxb3 39. axb3 Bxe3 40. fxe3
Qxa5 41. Rd7 Qb6 42. Rxf7+ Kg8 43. Rf3 g5 44. Kf2 Qe6 45. Rc5 Qxb3 46. Rf6 b4
47. Rc8+ Kg7 48. Rc7+ Kg8 49. Rg6+ Kf8 50. Ra6 Qd5 51. Rd6 Qa2+ 52. Kg3 Qa8 53.
e6 Qb8 54. Rcd7 Ke8 55. Kg4 b3 56. Kh5 b2 57. e7 Qxd6 58. Rxd6 b1=Q 59. Rxh6 Qf5
60. g4 Qf7+ 61. Kxg5 Qxe7+ 62. Kh5 Qxe3 63. Rf6 Qe2 64. Rf5 Ke7 65. Kg5 Ke6 66.
Rf6+ Ke7 67. Rf5 Qe3+ 68. Kg6 Qg3 69. Kh5 Qh2+ 70. Kg5 Ke6 71. Rf6+ Ke5 72. Rf5+
Ke4 73. Rf6 Qe5+ 74. Kg6 Qe8+ 75. Kg7 Qd7+ 76. Kf8 Qxg4 77. Kf7 Ke5 78. Rh6 Qd7+
79. Kf8 Kf5 80. Kg8 Kg5 81. Rh7 Qe8+ 82. Kg7 Qd7+ 83. Kg8 Qe6+ 84. Kf8 Qc8+ 85.
Kf7 Qf5+ 86. Kg8 Qd5+ 87. Kg7 Qd7+ 88. Kg8 Qe8+ 89. Kg7 Qg6+ 90. Kh8 Kf6 91.
Rf7+ Ke6 92. Re7+ Kd6 93. Rd7+ Ke5 94. Re7+ Kf5 95. Rf7+ Ke5 1/2-1/2

[Event "FIDE World Rapid 2014"]
[Site "Dubai UAE"]
[Date "2014.06.18"]
[Round "15.34"]
[White "Onischuk, Vladimir"]
[Black "Andriasian, Zaven"]
[Result "1-0"]
[WhiteTitle "GM"]
[BlackTitle "GM"]
[WhiteElo "2594"]
[BlackElo "2611"]
[WhiteFideId "14114038"]
[BlackFideId "13302000"]
[EventDate "2014.06.16"]

1. e4 c5 2. Nf3 d6 3. d4 cxd4 4. Nxd4 Nf6 5. Nc3 a6 6. Be2 g6 7. O-O Bg7 8. Be3
O-O 9. a4 Nc6 10. Nxc6 bxc6 11. a5 Nd7 12. Bd4 Bh6 13. Na4 c5 14. Bc3 Bb7 15.
Bd3 Qc7 16. Qe2 Bf4 17. g3 Be5 18. f4 Bxc3 19. Nxc3 e6 20. Bc4 Nf6 21. Rad1 Rfd8
22. f5 exf5 23. exf5 g5 24. Bd5 h6 25. Qf3 Rab8 26. b3 Kg7 27. Bxb7 Qxb7 28. Nd5
Nxd5 29. f6+ Nxf6 30. Qxf6+ Kh7 31. Qxf7+ Qxf7 32. Rxf7+ Kg6 33. Ra7 c4 34. bxc4
Rbc8 35. Rxa6 Rxc4 36. Raxd6+ Rxd6 37. Rxd6+ Kh5 38. h3 g4 39. Rd5+ Kg6 40. hxg4
Rxc2 41. Kf1 Ra2 42. Ke1 Kf6 43. Kd1 Kg6 44. Kc1 Ra4 45. Rd6+ Kg5 46. a6 Rxg4
47. Rd5+ Kf6 48. Ra5 Rg8 49. a7 Ra8 50. Kd2 Ke6 51. Ke3 Kd6 52. Kf4 Kc6 53. Ra6+
Kb7 54. Rxh6 Kxa7 55. g4 Kb7 56. Rd6 Kc7 57. Rd4 Rf8+ 58. Ke5 Re8+ 59. Kf6 Rf8+
60. Kg7 Rf2 61. g5 Kc6 62. g6 Kc5 63. Rd8 Kc6 64. Kg8 Kc7 65. Rd4 Kc6 66. g7 1-0

[Event "FIDE World Rapid 2014"]
[Site "Dubai UAE"]
[Date "2014.06.18"]
[Round "15.35"]
[White "Safarli, Eltaj"]
[Black "Ghaem Maghami, Ehsan"]
[Result "1/2-1/2"]
[WhiteTitle "GM"]
[BlackTitle "GM"]
[WhiteElo "2649"]
[BlackElo "2582"]
[WhiteFideId "13402129"]
[BlackFideId "12500739"]
[EventDate "2014.06.16"]

1. e4 e5 2. Nf3 Nc6 3. Bb5 a6 4. Bxc6 dxc6 5. O-O f6 6. d4 Bg4 7. dxe5 Qxd1 8.
Rxd1 fxe5 9. Rd3 Bd6 10. Nbd2 Nf6 11. Nc4 Bxf3 12. gxf3 O-O-O 13. Be3 Rhe8 14.
Rad1 Re6 15. Kf1 Be7 16. Rxd8+ Bxd8 17. Ke2 Ne8 18. Kf1 Nf6 19. Ke2 Ne8 20. Kf1
Nf6 21. Ke2 1/2-1/2

[Event "FIDE World Rapid 2014"]
[Site "Dubai UAE"]
[Date "2014.06.18"]
[Round "15.36"]
[White "Mchedlishvili, Mikheil"]
[Black "Vahidov, Tair"]
[Result "1/2-1/2"]
[WhiteTitle "GM"]
[BlackTitle "GM"]
[WhiteElo "2632"]
[BlackElo "2446"]
[WhiteFideId "13600966"]
[BlackFideId "14200155"]
[EventDate "2014.06.16"]

1. d4 Nf6 2. c4 g6 3. g3 Bg7 4. Bg2 d5 5. cxd5 Nxd5 6. Nf3 O-O 7. O-O c5 8. e4
Nf6 9. e5 Nd5 10. dxc5 Na6 11. a3 Nxc5 12. b4 Ne6 13. Qb3 Nb6 14. Rd1 Qc7 15.
Nc3 Qc4 16. Qb2 Bd7 17. Be3 Bc6 18. Nd2 Qg4 19. h3 Qf5 20. f4 Bxg2 21. Kxg2 Rad8
22. Nf3 Nc4 23. Qf2 Qc2 1/2-1/2

[Event "FIDE World Rapid 2014"]
[Site "Dubai UAE"]
[Date "2014.06.18"]
[Round "15.37"]
[White "Goloshchapov, Alexander"]
[Black "Savchenko, Boris"]
[Result "0-1"]
[WhiteTitle "GM"]
[BlackTitle "GM"]
[WhiteElo "2586"]
[BlackElo "2581"]
[WhiteFideId "14103222"]
[BlackFideId "4147332"]
[EventDate "2014.06.16"]

1. d4 d5 2. c4 e6 3. Nf3 c6 4. Qc2 Nf6 5. g3 dxc4 6. Qxc4 b5 7. Qb3 Bb7 8. Bg2
Qb6 9. Nc3 a5 10. O-O Nbd7 11. Ne5 Nxe5 12. dxe5 Nd7 13. Bf4 Nc5 14. Qc2 b4 15.
Ne4 Nxe4 16. Bxe4 O-O-O 17. Rac1 c5 18. Be3 Kb8 19. Bxb7 Kxb7 20. Bg5 Rd5 21. e4
Rxe5 22. Bf4 Bd6 23. Rfd1 Rc8 24. Bxe5 Bxe5 25. Rd7+ Kb8 26. b3 c4 27. bxc4 Rc7
28. Rcd1 Qc6 29. Rxc7 Kxc7 30. Qd3 Kb6 31. Qd8+ Qc7 32. Qe8 Qxc4 33. Qxf7 Qxa2
34. Qe7 Qc4 35. Rd7 Qc1+ 36. Kg2 Qc6 37. f3 b3 38. Kh3 0-1

[Event "FIDE World Rapid 2014"]
[Site "Dubai UAE"]
[Date "2014.06.18"]
[Round "15.38"]
[White "Hansen, Eric"]
[Black "Glek, Igor"]
[Result "1-0"]
[WhiteTitle "GM"]
[BlackTitle "GM"]
[WhiteElo "2584"]
[BlackElo "2438"]
[WhiteFideId "2606771"]
[BlackFideId "4100484"]
[EventDate "2014.06.16"]

1. e4 e6 2. d4 d5 3. Nc3 Nf6 4. Bg5 Bb4 5. e5 h6 6. Bc1 Ne4 7. Qg4 g6 8. Ne2 c5
9. a3 Ba5 10. dxc5 Nc6 11. b4 Nxe5 12. Qh3 Bc7 13. Nxe4 dxe4 14. Nc3 f5 15. Bb2
a6 16. Rd1 Qf6 17. Be2 Nf7 18. Nd5 Qxb2 19. Nxc7+ Ke7 20. Nxa8 Qxc2 21. Nb6 f4
22. Bc4 Ng5 23. Qb3 Qxb3 24. Bxb3 f3 25. g3 Nh3 26. Rd6 Kf6 27. Nxc8 Rxc8 28.
Bxe6 1-0

[Event "FIDE World Rapid 2014"]
[Site "Dubai UAE"]
[Date "2014.06.18"]
[Round "15.40"]
[White "Kayumov, Sergey"]
[Black "Korobov, Anton"]
[Result "1/2-1/2"]
[WhiteTitle "GM"]
[BlackTitle "GM"]
[WhiteElo "2505"]
[BlackElo "2680"]
[WhiteFideId "14200880"]
[BlackFideId "14105730"]
[EventDate "2014.06.16"]

1. d4 Nf6 2. Nf3 g6 3. Bf4 Bg7 4. e3 d6 5. h3 O-O 6. Be2 Nc6 7. O-O Qe8 8. Bh2
e5 9. c4 Ne4 10. dxe5 dxe5 11. Nbd2 Nc5 12. Nb3 Na4 13. Qc2 a5 14. a3 Bf5 15. e4
Be6 16. Ng5 Bd7 17. c5 h6 18. Nf3 Qe7 19. Bb5 Nb4 20. Qe2 Na6 21. Bxd7 Qxd7 22.
Bxe5 Bxe5 23. Nxe5 Qe6 24. Qc4 N6xc5 25. Nxc5 Qxc4 26. Nxc4 Nxc5 27. f3 a4 28.
Rad1 Rad8 29. Rd5 Rxd5 30. exd5 Rd8 31. Rd1 Kg7 32. Kf1 Kf6 33. Ke2 Re8+ 34. Kf2
b5 35. Na5 Ke7 36. Nc6+ Kd6 37. Nd4 Rb8 38. Nc6 Rc8 39. Na7 Rb8 40. Nc6 Rb7 41.
Nd8 Rb6 42. Nxf7+ Ke7 43. Ne5 g5 44. Nc6+ Kd6 45. Nb4 Rb8 46. h4 Rf8 47. hxg5
hxg5 48. Rh1 Ne4+ 49. Ke3 Nf6 50. Kd4 Nxd5 51. Nxd5 c5+ 52. Kc3 Kxd5 53. Rh5 Rf5
54. f4 Rxf4 55. Rxg5+ Kc6 56. Rg6+ Kc7 57. Rg7+ Kb6 58. Rg6+ Ka5 59. Rg5 c4 60.
Rg8 Rf2 61. Ra8+ Kb6 62. Rb8+ Kc6 63. Rc8+ Kb7 64. Rg8 Re2 65. Rg6 Re3+ 66. Kc2
Kc7 67. g4 Kd7 68. Rb6 1/2-1/2

[Event "FIDE World Rapid 2014"]
[Site "Dubai UAE"]
[Date "2014.06.18"]
[Round "15.41"]
[White "Debashis, Das"]
[Black "Sokolov, Ivan"]
[Result "1-0"]
[WhiteTitle "GM"]
[BlackTitle "GM"]
[WhiteElo "2484"]
[BlackElo "2650"]
[WhiteFideId "5024854"]
[BlackFideId "14400030"]
[EventDate "2014.06.16"]

1. d4 Nf6 2. c4 e6 3. Nc3 Bb4 4. Nf3 O-O 5. e3 b6 6. Bd3 Bb7 7. O-O c5 8. Na4
cxd4 9. exd4 Re8 10. Bf4 Bxf3 11. Qxf3 Nc6 12. Be5 Rc8 13. Rad1 Be7 14. Nc3 1-0

[Event "FIDE World Rapid 2014"]
[Site "Dubai UAE"]
[Date "2014.06.18"]
[Round "15.42"]
[White "Salem, A.R. Saleh"]
[Black "Shyam, Sundar M."]
[Result "0-1"]
[WhiteTitle "GM"]
[BlackTitle "GM"]
[WhiteElo "2581"]
[BlackElo "2468"]
[WhiteFideId "9301348"]
[BlackFideId "5019141"]
[EventDate "2014.06.16"]

1. e4 c6 2. Ne2 d5 3. e5 Bf5 4. Ng3 Bg6 5. h4 h6 6. h5 Bh7 7. e6 Qd6 8. exf7+
Kxf7 9. d4 e5 10. Nc3 Nd7 11. Be3 Ngf6 12. Qd2 Ng4 13. O-O-O Nxe3 14. Qxe3 Qf6
15. Bd3 exd4 16. Bg6+ Bxg6 17. hxg6+ Qxg6 18. Rxd4 Bd6 19. Qf3+ Nf6 20. Rhh4
Qg5+ 21. Kd1 Bxg3 22. fxg3 Rhe8 23. Ne2 Qe3 24. Rb4 b6 25. Rb3 Qxf3 26. gxf3 c5
27. Ra4 Re7 28. Rh4 Rae8 29. Rh2 d4 30. c4 Re3 31. Rf2 Rxb3 32. axb3 Re3 33. Nc1
Nd7 34. Kd2 Ne5 35. f4 Ng4 36. Rg2 a5 37. Nd3 Kf6 38. Nc1 Kf5 39. Rg1 Nf2 40.
Kc2 Kg4 41. Rg2 Kf3 42. Rg1 h5 43. f5 d3+ 0-1

[Event "FIDE World Rapid 2014"]
[Site "Dubai UAE"]
[Date "2014.06.18"]
[Round "15.43"]
[White "Tissir, Mohamed"]
[Black "Aleksandrov, Aleksej"]
[Result "1/2-1/2"]
[WhiteTitle "IM"]
[BlackTitle "GM"]
[WhiteElo "2380"]
[BlackElo "2554"]
[WhiteFideId "9000240"]
[BlackFideId "13500139"]
[EventDate "2014.06.16"]

1. e4 e5 2. Nf3 Nc6 3. Bc4 Bc5 4. c3 Nf6 5. d3 a6 6. Bb3 d6 7. Nbd2 O-O 8. Nf1
Be6 9. Ng3 Bxb3 10. axb3 a5 11. O-O Re8 12. h3 h6 13. Nh2 Qd7 14. Nf5 Ne7 15.
Nxe7+ Qxe7 16. Ng4 Qe6 17. Nxf6+ Qxf6 18. Kh1 g5 19. Be3 Qe6 20. d4 exd4 21.
cxd4 Bb4 22. f3 f5 23. d5 Qg6 24. Qc2 fxe4 25. Qxc7 Qh7 26. Qb6 Rf8 27. f4 gxf4
28. Rxf4 Rxf4 29. Bxf4 Bc5 30. Qb5 Rf8 31. Bh2 b6 32. Bg1 e3 33. Qc4 Qf5 34. Re1
Re8 35. Rf1 Qe4 36. Qe2 Qxd5 37. Qg4+ Qg5 38. Qd7 Qe7 39. Qf5 Qe6 40. Qf4 e2 1/2-1/2